000 00591nam a2200181 a 4500
001 000046657
005 20230331073628.0
008 180315s2013 dr 000 0 spa d
020 _a9789945906820
040 _aDO-SdBNP
_bspa
_cBNPHU
082 _axxxx
_bH557n, 2013
100 _aHernández Rueda, Lupo,
_d1930-2017
_923790
245 1 0 _aNociones de derecho del trabajo /
_cLupo Hernández Rueda.
250 _a3a ed.
260 _aMoca, República Dominicana :
_bDalis,
_bInstituto Nacional de Estudios Laborales,
_c2013.
300 _a230 p. ;
_c22 cm.
590 _aInventariado, 2018 /LP
999 _c46146
_d46146